000 01267cam a2200277 4500
001 L157621
002 18002
008 050825n2009 000 0 eng u
020 _a9781847039507
035 _a(Sirsi) u157621
041 0 _aeng
050 0 4 _a692.8 $2 18
110 2 _aJoint Contracts Tribunal
_93664
240 0 0 _aICSub/G
245 0 0 _aICSub/C
_bIntermediate Sub-Contract GUide 2005, revision 2009
260 _aLondon
_bSweet and Maxwell
_c2009
300 _aii, 40p.
_c30cm.
350 _a24.01
490 0 _aJCT Intermediate Subcontract Guide (2005 Edition)
520 _aAppropriate for use wihen the proposed building works are of simple content involving the normal, recognised basic trades and skills of ther industry, without building service installations of a complex nature or other specialised work. This form is not suitable where the subcontractor is to design any part of the subcontract works or is named in the main contract.
650 2 4 _aJCT INTERMEDIATE SUBCONTRACT Guide (2005 EDITION)
650 2 4 _aJCT INTERMEDIATE BUILDING GUide (2005 EDITION)
651 4 _aUnited Kingdom
_y
690 _aBUILT ENVIRONMENT-BUILDING CONTRACT FORMS-STANDARD FORMS OF BUILDING CONTRACT-JOINT CONTRACTS TRIBUNAL CONTRACTS
942 _n0
999 _c114875
_d114875